000 00358pab a2200109 454500
008 180718b xxu||||| |||| 00| 0 eng d
100 _aHarris, G.T
245 _aCost benefit analysis: its limitations and use in fully privatised infrastructure projects
650 _aCost Benefit Analysis
773 _aAustralian Journal of Public Administration
909 _a22069
999 _c22069
_d22069